Révisions : Mathématiques - Statistiques

Statistiques générales
  • Ce quiz a été pris 27 fois
  • Le résultat moyen est 15 sur 140
Statistiques - réponses
Questions Réponses % Correct
sin(x) ∼ x
52%
cos(-x) = cos(x)
48%
sin(-x) = -sin(x)
48%
x^n nx^n-1
39%
1/x -1/x^2
35%
cos(a+b) = cos(a)cos(b)-sin(a)sin(b)
35%
cos(a-b) = cos(a)cos(b)+sin(a)sin(b)
35%
x^(1/2) 1/(2x^(1/2))
30%
1/x^2 -1/x
30%
cos(π-x) = -cos(x)
30%
sin(π-x) = sin(x)
30%
tan(x) ∼ x
30%
x^n x^(n+1)/(n+1)
30%
exp(x) = 1+x+(x^2/2!)+(x^3/3!)+○(x^3)
26%
cos(π+x) = -cos(x)
26%
ln(1+x) ∼ x
26%
1-cos(x) ∼ x^2/2
26%
lim sin(x)/x = 1
22%
lim ln(1+x)/x = 1
22%
lim exp(x)-1/x = 1
22%
lim 1-cos(x)/x^2 = 1/2
22%
exp(-a) = 1/exp(a)
22%
exp(a)/exp(b) = exp(a-b)
22%
ln(1/a) = -ln(a)
22%
ln(a/b) = ln(a)-ln(b)
22%
sin(a+b) = sin(a)cos(b)+sin(b)cos(a)
22%
sin(a-b) = sin(a)cos(b)-sin(b)cos(a)
22%
sin(π+x) = -sin(x)
22%
tan(-x) = -tan(x)
22%
exp(x) ∼ x
22%
cos(x) = 1-(x^2/2!)+○(x^3)
17%
1/(1-x) = 1+x+x^2+x^3+○(x^3)
17%
1/(1+x) = 1-x+x^2-x^3+○(x^3)
17%
͞z = a-ib
17%
sin(π/2+x) = cos(x)
17%
exp(a)exp(b) = exp(a+b)
17%
ln(ab) = ln(a)+ln(b)
17%
ln(a^n) = nln(a)
17%
cos(π/2-x) = sin(x)
17%
tan(π+x) = tan(x)
17%
ln(1+x) = x-(x^2/2)+(x^3/3)+○(x^3)
17%
sin (x) = x-(x^3/3!)+○(x^3)
17%
a0(f) = 1/T∫f(t)dt
13%
ch(x) = 1+(x^2/2!)+○(x^3)
13%
1/x^(1/2) 2(x^(1/2))
13%
sin(x) cos(x)
13%
exp(a)^n = exp(na)
13%
Σ k = n(n+1)/2
13%
cos(x) -sin(x)
13%
tan(a+b) = (tan(a)+tan(b))/1-tan(a)tan(b)
13%
tan(a-b) = (tan(a)-tan(b))/1+tan(a)tan(b)
13%
sh(x) = x+(x^^3/3!)+○(x^3)
13%
(n;0) = 1
9%
ln(x) 1/x
9%
ax+by+c=0
9%
exp(iϴ) = cos(ϴ)+isin(ϴ)
9%
sin(x) -cos(x)
9%
exp(x) exp(x)
9%
Si f(-x) = -f(x) alors f est impaire
9%
(n;1) = n
9%
Si f(-x) = f(x) alors f est paire
9%
cos(x) sin(x)
9%
u·v = 0
4%
det(u;v) = 0
4%
det(u,u) = 0
4%
bn(f) = 0
4%
a0(f) = 0
4%
an(f) = 0
4%
th(x) 1/ch^2(x)
4%
tan(x) 1/cos^2(x)
4%
Σ q^k = 1-q^(n+1)/1-q
4%
1-sin^2(a)
4%
tan(x) 1+tan^2(x)
4%
th(x) 1-th^2(x)
4%
an(f) = 2/T∫f(t)cos(nωt)dt
4%
a0(f) = 2/T∫f(t)dt
4%
bn(f) = 2/T∫f(t)sin(nωt)dt
4%
an(f) = 4/T∫f(t)cos(nωt)dt
4%
bn(f) = 4/T∫f(t)sin(nωt)dt
4%
͞zz = a^2+b^2
4%
|z| = (a^2+b^2)^(1/2)
4%
ax+by+cz+d=0
4%
sh(x) ch(x)
4%
cos(2a) = cos^2(a)-sin^2(a)
4%
(cos(ϴ)+isin(ϴ))^n = cos(nϴ)+isin(nϴ)
4%
det(v,u) = -det(u,v)
4%
det(λu+μv,w) = λdet(u,w)+μdet(v,w)
4%
cos(ϴ) = (exp(iϴ)+exp(-iϴ))/2
4%
sin(ϴ) = (exp(iϴ)-exp(-iϴ))/2i
4%
ch(x) = (exp(x)+exp(-x))/2
4%
sh(x) = (exp(x)-exp(-x))/2
4%
1/x ln(x)
4%
Σ q^k = n+1
4%
(n;p)+(n;p+1) = (n+1;p+1)
4%
z+͞z/2 = Re(z)
4%
ch(x) sh(x)
4%
th(x) = sh(x)/ch(x)
4%
[u,v,w] = (u∧v)·w
4%
(1+x)^α ∼ αx
4%
(x-xΩ)^2+(y-yΩ)^2=R^2
4%
tan(x) = x+(x^3/3)+○(x^3)
4%
x=xa+αt
4%
u·v = xx'+yy'
4%
det(u,v) = xy'+x'y
4%
y=ya+βt
4%
arctan(x) 1/(1+x^2)
0%
arcsin(x) 1/(1-x^2)^(1/2)
0%
arccos(x) -1/(1-x^2)^(1/2)
0%
(1+x)^α = 1+αx+((α(α-1)x^2)/2!)+((α(α-1)(α-2)x^3/3!)○(x^3)
0%
2cos^2(a)-1
0%
sin(2a) = 2sin(a)cos(a)
0%
tan(2a) = 2tan(a)/(1-tan²(a))
0%
1/(1-x^2)^(1/2) arcsin(x)
0%
1/(1+x^2) arctan(x)
0%
ax+by+cz+d=0
0%
a'x+b'y+c'z+d'=0
0%
sh(x) ch(x)
0%
λexp(r1x)+μexp(r2x)
0%
λexp(r1x)+μexp(r2x)
0%
exp(x) exp(x)
0%
exp(αx)(λcos(βx)+μsin(βx))
0%
th(x) ln|ch(x)|
0%
tan(x) -ln|cos(x)|
0%
(n;0) = (n;n)
0%
(n;1) = (n;n-1)
0%
(n;p) = (n;n-p)
0%
ch(x) sh(x)
0%
1/cos^2(x) tan(x)
0%
1+tan^2(x) tan(x)
0%
1/ch²(x) th(x)
0%
1-th²(x) th(x)
0%
(λx+μ)exp(r0x)
0%
(λx+μ)exp(r0x)
0%
(x-xΩ)^2+(y-yΩ)^2+(z-zΩ)^2=R^2
0%
x=xa+αt
0%
x=xa+αt+α's
0%
y=ya+βt
0%
y=ya+βt+β's
0%
z=za+γt
0%
z=za+γt+γ's
0%
Aucun quiz correspondant
Distribution des résultats
% des personnes avec chaque résultat
Percentile par nombre de réponses
Votre historique - résultats
Vous n’avez pas pris ce quiz